Gospodarze mistrzostw świata w piłce nożnej - Nagła śmierć - Statystyki

Ogólne statystyki
  • Ten quiz został rozwiązany 178 razy
  • Średni wynik to 11 z 18
Answers on the Grid
Answers color-coded by a green-red scale on the quiz's grid according to % correct below.
Szwajcaria
Indie
Egipt
Urugwaj
Chile
Ukraina
Portugalia
Republika Południowej Afryki
Maroko
Turcja
Niemcy
Serbia
Hiszpania
Szwecja
Norwegia
Japonia
Rosja
Kolumbia
Peru
Francja
Australia
Holandia
Stany Zjednoczone
Katar
Belgia
Argentyna
Grecja
Paragwaj
Nigeria
Iran
Meksyk
Arabia Saudyjska
Korea Południowa
Nowa Zelandia
Brazylia
Dania
Austria
Rumunia
Anglia
Włochy
 
Statystyki odpowiedzi
Odpowiedź % Poprawnych
Niemcy
75%
Republika Południowej Afryki
75%
Francja
69%
Rosja
69%
Brazylia
66%
Urugwaj
66%
Meksyk
63%
Korea Południowa
62%
Stany Zjednoczone
62%
Hiszpania
60%
Włochy
60%
Anglia
58%
Katar
58%
Japonia
52%
Argentyna
48%
Szwajcaria
42%
Szwecja
37%
Chile
34%
Nie znaleziono quizów pasujących do podanych kryteriów
Rozkład punktacji
Procent ludzi z każdym wynikiem
Percentyl według liczby udzielonych odpowiedzi
Twoja historia wyników
Nie rozwiązałeś tego quizu